Statistics for Oldest Cities in Colorado

Click here to take the quiz!

General Stats

  • This quiz has been taken 8 times
  • The average score is 7 of 14

Answer Stats

Founded1880 pop.2020 pop.City% Correct
185935,629715,522Denver
100%
18713,069108,250Boulder
75%
18788029,806Alamosa
63%
18712,73020,399Golden
63%
187814,8202,633Leadville
63%
18721,50117,141Cañon City
50%
18792,2268,329Trinidad
50%
18792,1412,855Buena Vista
38%
18683,2941,118Georgetown
38%
18733773,049Walsenburg
38%
1873446296Alma
25%
187435830,038Erie
25%
1872450724Fairplay
25%
18795,040609Silver Cliff
25%

Score Distribution

Percentile by Number Answered

Percent of People with Each Score

Your Score History

You have not taken this quiz